| 000 | 00917nam a22002177a 4500 | ||
|---|---|---|---|
| 999 |
_c18929 _d18929 |
||
| 003 | AR-CdUCM | ||
| 008 | 190515b ||||| |||| 00| 0 spa d | ||
| 020 | _a968-420-005-6 | ||
| 040 |
_aMUNICIPALIDAD PROVINCIAL DEL CUSCO _cBIBLIOTECA MUNICIPAL DEL CUSCO |
||
| 082 |
_a974 / _bM63 |
||
| 100 |
_aMiranda Basurto, Angel _939851 |
||
| 245 |
_aLa evolución de México : _bpara las escuelas de enseñanza preparatoria / |
||
| 260 |
_aMéxico : _bHerrero, _c1962. |
||
| 300 |
_a367 paginas ; _c29 cm. |
||
| 505 | _aContenido : Antecedentes de la guerra de independencia -- Primera etapa de la guerra de independencia -- Extensión y organización del movimiento insurgente -- Decadencia del movimiento insurgente -- Consumación de la independencia... | ||
| 650 |
_aMéxico _918 |
||
| 650 |
_aHistoria de México _919 |
||
| 650 |
_aIndependencia de México _939852 |
||
| 942 |
_2ddc _cLIBROS |
||
| 945 |
_awnts _d2019-05-15 |
||